Disney Characters by Parents Name Quiz Stats

 Plays Quiz not verified by Sporcle

Support Sporcle.
Go Orange.
Score 0/23 Timer 05:00
0 Plays Today
Parents Name Character % Correct
ZeusHercules
95.9%
TritonAriel
92%
Fa ZhouMulan
91.1%
The SultanJasmine
89.1%
PowhatanPocahontas
88.5%
SarabiSimba
88.3%
Mister GeppettoPinocchio
84.5%
CoralNemo
84.5%
Lady TremaineCinderella
83.5%
Mrs. JumboDumbo
82.6%
MauriceBelle
82.6%
George DarlingWendy, John, and Michael
81.3%
Parents Name Character % Correct
Helen ParrDash, Violet, and Jack
75.9%
ZurgBuzz Lightyear
73.7%
KalaTarzan
66.7%
Pongo99 Dalmatians
65.4%
Sarah HawkinsJim Hawkins
50.1%
Buck 'Ace' CluckChicken Little
49.2%
Queen LeahAurora
40.2%
GusteauAlfredo Linguini
36.3%
Widow TweedTod
32.9%
PachaChaca and Tipo
13.9%
JamesTiana
13.8%

You're not logged in!

Compare scores with friends on all Sporcle quizzes.
OR
Log In

From the Vault

States of Austria

by SporcleAdmin

Little known fact: One of these states is also a city and was ranked in 2005 as one of the best places to live in the world in terms of quality of life.
Remove Ads.
Support Sporcle.
Get the best of Sporcle when you Go Orange. This ad-free experience offers more features, more stats, and more fun while also helping to support Sporcle. Thank you for becoming a member.

Show Comments

Extras

Top Quizzes Today


Score Distribution

Your Account Isn't Verified!

In order to create a playlist on Sporcle, you need to verify the email address you used during registration. Go to your Sporcle Settings to finish the process.

Report this User

Report this user for behavior that violates our Community Guidelines.

Details: